[Event "Saarland-ch B 87th"]
[Site "Voelklingen"]
[Date "2012.04.02"]
[Round "4"]
[White "Ley, Stefan"]
[Black "Dellwing, Fabian"]
[Result "1/2-1/2"]
[WhiteElo "1574"]
[BlackElo "1507"]
[PlyCount "26"]
[EventDate "2012.03.30"]
[EventType "swiss"]
[EventRounds "6"]
[EventCountry "GER"]
[SourceTitle "EXT 2013"]
[Source "ChessBase"]
[SourceDate "2012.11.22"]
[SourceVersion "1"]
[SourceVersionDate "2012.11.22"]
[SourceQuality "1"]

1. Nf3 Nf6 2. d4 d5 3. c4 dxc4 4. Nc3 Bg4 5. e3 e6 6. Bxc4 c5 7. Qa4+ Nc6 8. Bb5 Bxf3 9. gxf3 Qb6 10. dxc5 Bxc5 11. Rg1 0-0 12. Ne4 Nxe4 13. fxe4 Qa5+ 1/2-1/2

[Event "Saarland-ch B 87th"]
[Site "Voelklingen"]
[Date "2012.03.30"]
[Round "1"]
[White "Dellwing, Fabian"]
[Black "Kupsch, Wolfgang"]
[Result "1/2-1/2"]
[WhiteElo "1507"]
[BlackElo "1619"]
[PlyCount "31"]
[EventDate "2012.03.30"]
[EventType "swiss"]
[EventRounds "6"]
[EventCountry "GER"]
[SourceTitle "EXT 2013"]
[Source "ChessBase"]
[SourceDate "2012.11.22"]
[SourceVersion "1"]
[SourceVersionDate "2012.11.22"]
[SourceQuality "1"]

1. d4 d5 2. c4 e6 3. cxd5 exd5 4. Nc3 Nf6 5. Bg5 Be7 6. Nf3 0-0 7. e3 a6 8. Bd3 c6 9. 0-0 b5 10. a3 Ne4 11. Bxe7 Qxe7 12. Qc2 f5 13. Ne5 Bb7 14. f3 Nd6 15. e4 Nc4 16. Bxc4 1/2-1/2

[Event "Saarland-ch C 85th"]
[Site "Homburg"]
[Date "2010.04.02"]
[Round "8"]
[White "Prein, Timm"]
[Black "Dellwing, Fabian"]
[Result "1/2-1/2"]
[WhiteElo "1343"]
[BlackElo "1185"]
[PlyCount "46"]
[EventDate "2010.03.28"]
[EventType "swiss"]
[EventRounds "9"]
[EventCountry "GER"]
[SourceTitle "EXT 2011"]
[Source "ChessBase"]
[SourceDate "2010.11.26"]
[SourceVersion "1"]
[SourceVersionDate "2010.11.26"]
[SourceQuality "1"]

1. e4 d5 2. exd5 Qxd5 3. Nc3 Qa5 4. d4 c6 5. Nf3 Bf5 6. Bd2 Nf6 7. Bc4 e6 8. a3 Nbd7 9. 0-0 Qc7 10. Ne2 Bd6 11. Ng3 Bg4 12. Be2 0-0 13. Re1 c5 14. Bc3 Rad8 15. dxc5 Bxc5 16. Qc1 h6 17. h3 Bxf3 18. Bxf3 Bd6 19. Ne4 Nxe4 20. Rxe4 Be5 21. Bd2 Nf6 22. Re2 Nh7 23. Rb1 Bf6 1/2-1/2

[Event "Saarland-ch C 85th"]
[Site "Homburg"]
[Date "2010.03.31"]
[Round "6"]
[White "Ziegler, Karl Heinz"]
[Black "Dellwing, Fabian"]
[Result "1-0"]
[WhiteElo "1419"]
[BlackElo "1185"]
[PlyCount "53"]
[EventDate "2010.03.28"]
[EventType "swiss"]
[EventRounds "9"]
[EventCountry "GER"]
[SourceTitle "EXT 2011"]
[Source "ChessBase"]
[SourceDate "2010.11.26"]
[SourceVersion "1"]
[SourceVersionDate "2010.11.26"]
[SourceQuality "1"]

1. c4 e5 2. Nc3 Nf6 3. g3 Bc5 4. Bg2 d6 5. Nf3 Bg4 6. d3 Nc6 7. 0-0 Qd7 8. Nh4 Bh3 9. Bg5 0-0-0 10. Nd5 Bxg2 11. Kxg2 Qe6 12. e4 h6 13. Be3 Nd4 14. Bxd4 Bxd4 15. Nf5 Nxd5 16. cxd5 Qf6 17. Qg4 Qg5 18. Nxd6+ Kb8 19. Qxg5 hxg5 20. Nxf7 Bxb2 21. Rab1 Bd4 22. Nxd8 Rxd8 23. Kf3 Rf8+ 24. Kg4 Bxf2 25. Rb2 Bc5 26. Rxf8+ Bxf8 27. Kxg5 1-0

[Event "Saarland-ch C 85th"]
[Site "Homburg"]
[Date "2010.03.28"]
[Round "2"]
[White "Mueller, Dirk"]
[Black "Dellwing, Fabian"]
[Result "1/2-1/2"]
[WhiteElo "1351"]
[BlackElo "1185"]
[PlyCount "41"]
[EventDate "2010.03.28"]
[EventType "swiss"]
[EventRounds "9"]
[EventCountry "GER"]
[SourceTitle "EXT 2011"]
[Source "ChessBase"]
[SourceDate "2010.11.26"]
[SourceVersion "1"]
[SourceVersionDate "2010.11.26"]
[SourceQuality "1"]

1. e4 d5 2. exd5 Qxd5 3. Nc3 Qa5 4. Nf3 Bg4 5. d4 c6 6. Bc4 Nf6 7. 0-0 e6 8. Bf4 Bb4 9. Qd3 Nbd7 10. a3 Bxc3 11. bxc3 Bxf3 12. Qxf3 Nd5 13. Bd2 N7f6 14. Rfe1 Kd7 15. Bb3 Rac8 16. Qd3 Qc7 17. g3 Ne7 18. Bf4 Qa5 19. c4 h6 20. c5 Nfd5 21. Bd2 1/2-1/2

[Event "Saarland-ch C"]
[Site "Schiffweiler"]
[Date "2009.04.05"]
[Round "3"]
[White "Dellwing, Fabian"]
[Black "Mecha, David"]
[Result "1-0"]
[WhiteElo "1193"]
[BlackElo "1087"]
[PlyCount "75"]
[EventDate "2009.04.03"]
[EventType "swiss"]
[EventRounds "9"]
[EventCountry "GER"]
[SourceTitle "EXT 2012"]
[Source "ChessBase"]
[SourceDate "2011.11.24"]
[SourceVersion "1"]
[SourceVersionDate "2011.11.24"]
[SourceQuality "1"]

1. d4 d5 2. c4 e6 3. cxd5 exd5 4. Nc3 Nf6 5. Bg5 Be7 6. e3 Be6 7. Bd3 c5 8. Nge2 cxd4 9. Nxd4 Nc6 10. Bb5 Qd7 11. 0-0 0-0 12. Re1 Rac8 13. Qa4 a6 14. Bxc6 bxc6 15. Qxa6 c5 16. Nf3 Ng4 17. Qd3 Bxg5 18. Nxg5 Nf6 19. Rad1 Rfd8 20. h3 h6 21. Nxe6 fxe6 22. f4 Rc7 23. b3 c4 24. Qc2 cxb3 25. Qxb3 Rb7 26. Qa4 Qf7 27. Qc2 Rbd7 28. Rd4 Qh5 29. Red1 e5 30. fxe5 Qxe5 31. Qd3 Qe6 32. a4 Ne4 33. Nxd5 Nc5 34. Nf4 Qc6 35. Qc3 Qb6 36. a5 Qb5 37. Qa3 Rxd4 38. exd4 1-0